Carbon sequestration in rubber tree plantations established on format arable lands in Xishuangbanna, SW China (Record no. 55171)

MARC details
000 -LEADER
fixed length control field 00565nam a2200205Ia 4500
100 ## - MAIN ENTRY--AUTHOR NAME
Personal name Yang J C
245 #0 - TITLE STATEMENT
Title Carbon sequestration in rubber tree plantations established on format arable lands in Xishuangbanna, SW China
260 ## - PUBLICATION, DISTRIBUTION, ETC. (IMPRINT)
Name of publisher Acta Phytoecologia Sinica
Year of publication 2005
300 ## - PHYSICAL DESCRIPTION
Number of Pages 296-303
650 ## - SUBJECT ADDED ENTRY--TOPICAL TERM
Topical Term Carbon sequestration
650 ## - SUBJECT ADDED ENTRY--TOPICAL TERM
Topical Term China
650 ## - SUBJECT ADDED ENTRY--TOPICAL TERM
Topical Term Rubber plantation
700 ## - ADDED ENTRY--PERSONAL NAME
Personal name Han X G
700 ## - ADDED ENTRY--PERSONAL NAME
Personal name Huang J H
700 ## - ADDED ENTRY--PERSONAL NAME
Personal name Pan Q M
700 ## - ADDED ENTRY--PERSONAL NAME
Personal name Tang J W
856 ## - ELECTRONIC LOCATION AND ACCESS
Uniform Resource Identifier CAB CD
942 ## - ADDED ENTRY ELEMENTS (KOHA)
Koha item type Journals
Holdings
Withdrawn status Lost status Damaged status Not for loan Home library Current library Shelving location Date acquired Serial Enumeration / chronology Koha item type
      Journals RRII Library RRII Library Physiology 01/01/2021 Volume 29, Issue 2 Journals